书目信息 |
| 题名: |
中国城镇化过程中土地利用问题研究
|
|
| 作者: | 宋戈 著 | |
| 分册: | ||
| 出版信息: | 北京 中国农业出版社 2005 |
|
| 页数: | 230页 | |
| 开本: | 21cm | |
| 丛书名: | ||
| 单 册: | ||
| 中图分类: | F301.24 | |
| 科图分类: | ||
| 主题词: | 城市化 , 土地利用 , 城市化--土地利用--研究--中国 , 农业经济学 | |
| 电子资源: | ||
| ISBN: | 7-109-09555-X | |
| 000 | 00946nam0 2200253 450 | |
| 001 | TS2006026389 | |
| 005 | 20070116150035.65 | |
| 010 | @a7-109-09555-X@dCNY20.00 | |
| 100 | @a20060829d2005 em y0chiy0110 ea | |
| 101 | 0 | @achi@eeng@deng |
| 102 | @aCN@b110000 | |
| 105 | @ay z 000yy | |
| 200 | 1 | @a中国城镇化过程中土地利用问题研究@AZhong Guo Cheng Zhen Hua Guo Cheng Zhong Tu Di Li Yong Wen Ti Yan Jiu@f宋戈著@FSong Ge Zhu |
| 210 | @a北京@c中国农业出版社@d2005 | |
| 215 | @a230页@d21cm | |
| 330 | @a本书较系统地分析了我国城镇化过程中土地利用存在和可能出现的问题,分析了我国快速城镇化时期土地利用与约束机制之间的矛盾,研究了快速城镇化阶段土地利用的潜力以及城镇化土地市场的培育和运作。 | |
| 606 | 0 | @a城市化 |
| 606 | 0 | @a土地利用 |
| 606 | 0 | @a城市化@x土地利用@x研究@y中国 |
| 606 | 0 | @a农业经济学 |
| 690 | @aF301.24@v4 | |
| 701 | 0 | @a宋戈@ASong Ge@c(女,@f1969.2~)@4著 |
| 801 | 0 | @aCN@b中图数据@c20070116 |
| 905 | @a10447@dF301.24@e17 | |
| 中国城镇化过程中土地利用问题研究/宋戈著.-北京:中国农业出版社,2005 |
| 230页;21cm |
| ISBN 7-109-09555-X:CNY20.00 |
| 本书较系统地分析了我国城镇化过程中土地利用存在和可能出现的问题,分析了我国快速城镇化时期土地利用与约束机制之间的矛盾,研究了快速城镇化阶段土地利用的潜力以及城镇化土地市场的培育和运作。 |
| ● |
| 相关链接 |
|
|
|
|
正题名:中国城镇化过程中土地利用问题研究
索取号:F301.24/17
 
预约/预借
| 序号 | 登录号 | 条形码 | 馆藏地/架位号 | 状态 | 备注 |
| 1 | 0610917 | 206109174 | 第一样本阅览室/ [索取号:F301.24/17] | 在馆 | |
| 2 | 0610918 | 206109183 | 第一借阅区/ [索取号:F301.24/17] | 在馆 | |
| 3 | 0610919 | 206109192 | 密集书库/ [索取号:F301.24/17] | 在馆 | |
| 4 | 0610920 | 206109209 | 密集书库/ [索取号:F301.24/17] | 在馆 | |
| 5 | 0610921 | 206109218 | 第一借阅区/ [索取号:F301.24/17] | 在馆 | |
| 6 | 0610922 | 206109227 | 第一借阅区/ [索取号:F301.24/17] | 在馆 |